000 00690nam a2200253Ia 4500
003 OSt
005 20220918165714.0
006 a|||||r|||| 00| 0
007 ta
008 220917b |||||||| |||| 00| 0 eng d
020 _a8170369622 (hbk)
024 _a158,056
037 _cTextual
040 _aARTS
_cARTS
_beng
041 _2eng
_aeng
082 _aY15.4, P1 (SC)
100 _aDube Leela
_924824
245 0 _aAnthropological explorations in gender
_b intersecting fields
260 _aNew Delhi
_bSage Publications
_c2001
300 _a268p.
_ccm.
650 _aSOCIOLOGY
942 _hY15.4, P1 (SC)
_cTEXL
_2CC
999 _c130796
_d130796